000
00173nam a2200073Ia 4500
008
170620s9999 xx 000 0 und d
100
_a
Aggarwal
245
0
_a
HEALTH AND PHYSICAL EDUCATION
260
_b
SHIPRA
999
_c
26831
_d
26831